000 00334nam a2200121 4500
020 _a978-969-9532-04-7
082 _a294.30954
_bSHA
245 _aThe Buddhist Heritage of Pakistan
260 _aPakistan
_bConstellation Plus
_c[N.D]
300 _a130p. :
_bill. ;
700 _aDr. Safdar Ali Shah, & Syed Javaid A. Kazi
942 _cBK
999 _c2555
_d2555